000 01051cam a22002651 4500
001 sa 67005183
003 DLC
005 20260227112354.0
008 790321s1949 ii b 000 0 eng
010 _asa 67005183
035 _a(OCoLC)4762911
040 _aDLC
_cMnU
_dMnU
_dOCoLC
_dDLC
042 _apremarc
050 0 0 _aPK3661.Z9
_bS2 1949
100 2 _aSrinivasa Sastri, V. S.
_q(Valangiman Sankaranarayana),
_d1869-1946
245 1 0 _aLectures on the Ramayana,
_cby V. S. Srinivasa Sastri. With a foreword by T. R. Venkatarama Sastri.
250 _a[1st ed.
260 _aMadras]
_bPublished on behalf of the Madras Samskrit Academy by S. Viswanathan
_c[1949]
300 _aix, xxxii, 500 p.
_c23 cm.
500 _a"A collection of thirty discourses on the Ramayana ... delivered at the Samskrit Academy in 1944."
500 _aIncludes quotations and selections from Vālmīki's Rāmāyaṇa in Sanskrit.
504 _aIncludes bibliographical references.
600 0 0 _aVālmīki.
_tRāmāyaṇa.
700 0 _aVālmīki.
_tRāmāyaṇa.
999 _c75020
_d75020